Status of sex workers in Sri Lanka: (Record no. 4955)

MARC details
000 -LEADER
fixed length control field 00660nam a2200169 4500
008 - FIXED-LENGTH DATA ELEMENTS--GENERAL INFORMATION
fixed length control field 240701b |||||||| |||| 00| 0 eng d
082 ## - DEWEY DECIMAL CLASSIFICATION NUMBER
Classification number 306.74
Item number SEX
942 ## - ADDED ENTRY ELEMENTS (KOHA)
Item Type Reports
110 ## - MAIN ENTRY--CORPORATE NAME
Corporate Name Sex workers and allies South Asia-Sri Lanka chapter
700 ## - ADDED ENTRY--PERSONAL NAME
Personal name Deshapriya, Paba
700 ## - ADDED ENTRY--PERSONAL NAME
Personal name Arasu, Ponni
245 ## - TITLE STATEMENT
Title Status of sex workers in Sri Lanka:
Sub Title a national report 2022-2023
260 ## - PUBLICATION, DISTRIBUTION, ETC. (IMPRINT)
Place of Publication [Colombo]:
Name of Publisher [Sex workers and allies South Asia-Sri Lanka chapter],
Date of Copyright 2023
300 ## - PHYSICAL DESCRIPTION
Extent v.,75 p.
Physical Details Bibliography included
856 ## - ELECTRONIC LOCATION AND ACCESS
Uniform Resource Identifier <a href="https://srilankabrief.org/wp-content/uploads/2023/05/Status-of-sex-workers-in-sri-lanka-2022-2023-EN.pdf">https://srilankabrief.org/wp-content/uploads/2023/05/Status-of-sex-workers-in-sri-lanka-2022-2023-EN.pdf</a>
650 ## - SUBJECT ADDED ENTRY--TOPICAL TERM
Topical Term SEX WORKERS-Sri Lanka
Holdings
Withdrawn status Lost status Source of classification or shelving scheme Damaged status Not for loan Permanent location Current location Date acquired Total Checkouts Full call number Barcode Date last seen Price effective from Koha item type
    Dewey Decimal Classification     Resource center, Muslim Women's Research And Action Forum Resource center, Muslim Women's Research And Action Forum 2024-07-01   306.74 SEX RAF5341 2024-07-01 2024-07-01 Reports

Copyright © 2023 Muslim Women's Research and Action Forum (MWRAF), No 27/3, Anderson Road, Kalubowila, Dehiwela. Funded by The Asia Fundation